<?xml version="1.0" encoding="UTF-8"?>
<record
    xmlns:xsi="http://www.w3.org/2001/XMLSchema-instance"
    xsi:schemaLocation="http://www.loc.gov/MARC21/slim http://www.loc.gov/standards/marcxml/schema/MARC21slim.xsd"
    xmlns="http://www.loc.gov/MARC21/slim">

  <leader>01089nam a22002297a 4500</leader>
  <controlfield tag="005">20250404145346.0</controlfield>
  <controlfield tag="008">250404b        |||||||| |||| 00| 0 eng d</controlfield>
  <datafield tag="020" ind1=" " ind2=" ">
    <subfield code="a">9789394163843</subfield>
  </datafield>
  <datafield tag="040" ind1=" " ind2=" ">
    <subfield code="c">AL</subfield>
  </datafield>
  <datafield tag="041" ind1=" " ind2=" ">
    <subfield code="a">eng</subfield>
  </datafield>
  <datafield tag="082" ind1=" " ind2=" ">
    <subfield code="2">23</subfield>
    <subfield code="a">345.026</subfield>
    <subfield code="b">DUBB</subfield>
  </datafield>
  <datafield tag="100" ind1=" " ind2=" ">
    <subfield code="a">Akhilesh S Dubey</subfield>
    <subfield code="9">207515</subfield>
  </datafield>
  <datafield tag="245" ind1=" " ind2=" ">
    <subfield code="a">Bharats treatise on PMLA: </subfield>
    <subfield code="b">Law and Practice: Vol 1 [Ss1 to 47}</subfield>
  </datafield>
  <datafield tag="260" ind1=" " ind2=" ">
    <subfield code="a">New Delhi</subfield>
    <subfield code="b">Bharat Law House Pvt Ltd</subfield>
    <subfield code="c">2023</subfield>
  </datafield>
  <datafield tag="300" ind1=" " ind2=" ">
    <subfield code="a">1301p.</subfield>
    <subfield code="b">HB</subfield>
    <subfield code="c">25x16cm.</subfield>
  </datafield>
  <datafield tag="365" ind1=" " ind2=" ">
    <subfield code="2">Law</subfield>
    <subfield code="a">1791</subfield>
    <subfield code="b">1823.175</subfield>
    <subfield code="c">&#x20B9;</subfield>
    <subfield code="d">2497.50</subfield>
    <subfield code="e">27%</subfield>
    <subfield code="f">14-03-2025</subfield>
  </datafield>
  <datafield tag="440" ind1=" " ind2=" ">
    <subfield code="n">Vol.1</subfield>
    <subfield code="9">207512</subfield>
  </datafield>
  <datafield tag="520" ind1=" " ind2=" ">
    <subfield code="a">Explore the comprehensive &#x2018;Treatise on PMLA &#x2013; Law and Practice (Set of 2 Volumes)&#x2019; authored by Akhilesh S. Dubey and published by Bharat Publishers in its 1st edition of 2023. With ISBN 978-93-94163-84-3 and a whopping 2376 pages, this authoritative work delves deep into the Prevention of Money-Laundering Act, 2002, covering its definitions, offenses, attachment, adjudication, and much more. </subfield>
  </datafield>
  <datafield tag="650" ind1=" " ind2=" ">
    <subfield code="a">Prevention of Money Laundering Act 2002</subfield>
    <subfield code="9">207513</subfield>
  </datafield>
  <datafield tag="650" ind1=" " ind2=" ">
    <subfield code="a">Law</subfield>
    <subfield code="9">207514</subfield>
  </datafield>
  <datafield tag="942" ind1=" " ind2=" ">
    <subfield code="2">ddc</subfield>
    <subfield code="c">BK</subfield>
  </datafield>
  <datafield tag="999" ind1=" " ind2=" ">
    <subfield code="c">234085</subfield>
    <subfield code="d">234085</subfield>
  </datafield>
  <datafield tag="952" ind1=" " ind2=" ">
    <subfield code="0">0</subfield>
    <subfield code="1">0</subfield>
    <subfield code="2">ddc</subfield>
    <subfield code="4">0</subfield>
    <subfield code="7">0</subfield>
    <subfield code="8">Law</subfield>
    <subfield code="a">LL</subfield>
    <subfield code="b">LL</subfield>
    <subfield code="d">2025-03-14</subfield>
    <subfield code="e">MPP House, Bengaluru-575003</subfield>
    <subfield code="g">1823.18</subfield>
    <subfield code="l">0</subfield>
    <subfield code="o">345.026 DUBB</subfield>
    <subfield code="p">LL002366</subfield>
    <subfield code="r">2025-04-04 14:52:14</subfield>
    <subfield code="v">2497.50</subfield>
    <subfield code="w">2025-04-04</subfield>
    <subfield code="y">BK</subfield>
  </datafield>
</record>
